[Event "Austrian Eisenbahner-ch"]
[Site "St Veit"]
[Date "2013.05.30"]
[Round "1.7"]
[White "Sutrich, Johann"]
[Black "Gatt, Friedrich"]
[Result "1-0"]
[WhiteElo "1917"]
[BlackElo "1597"]
[PlyCount "63"]
[EventDate "2013.05.30"]
[EventType "swiss"]
[EventRounds "3"]
[EventCountry "AUT"]
[SourceTitle "EXT 2024"]
[Source "ChessBase"]
[SourceDate "2023.10.10"]
[SourceVersion "1"]
[SourceVersionDate "2023.10.10"]
[SourceQuality "1"]

1. d4 d5 2. Nf3 Nf6 3. e3 Bg4 4. Be2 e6 5. Nbd2 Be7 6. c4 Bxf3 7. Bxf3 c6 8. 0-0 Nbd7 9. a3 0-0 10. Qc2 Re8 11. b3 e5 12. dxe5 Nxe5 13. Bb2 Nxf3+ 14. Nxf3 Ne4 15. Rad1 Bf6 16. cxd5 cxd5 17. Bxf6 Nxf6 18. Qd3 Qb6 19. Nd4 Rad8 20. Rc1 Rc8 21. Rfd1 g6 22. b4 Rc7 23. Nb5 Rc6 24. Nd4 Rc7 25. Rxc7 Qxc7 26. Nb5 Qb8 27. Qd4 Kg7 28. Qxa7 Qe5 29. Qd4 Qh5 30. f3 Rc8 31. Nd6 Rc2 32. Ne8+ 1-0